Zbierka úloh z matematiky 2
Guardado en:
| Autor principal: | |
|---|---|
| Autor Corporativo: | |
| Otros Autores: | , |
| Formato: | Libro |
| Lenguaje: | eslovaco |
| Publicado: |
Bratislava
VŠE
1984
|
| Edición: | 2. preprac. vyd. |
| Etiquetas: |
Sin Etiquetas, Sea el primero en etiquetar este registro!
|
MARC
| LEADER | 00000nam a2200000 4500 | ||
|---|---|---|---|
| 001 | c111778 | ||
| 005 | 20260327081734.5 | ||
| 041 | 0 | |a slo | |
| 044 | |a SK | ||
| 245 | 1 | 0 | |a Zbierka úloh z matematiky 2 |c Jozef Eliáš, Elena Mojžišová, František Peller |
| 250 | |a 2. preprac. vyd. | ||
| 264 | 1 | |a Bratislava |b VŠE |c 1984 | |
| 300 | |a 288 s. | ||
| 100 | 1 | |a Eliáš, Jozef | |
| 700 | 1 | |a Mojžišová, Elena | |
| 700 | 1 | |a Peller, František | |
| 710 | 2 | |a Vysoká škola ekonomická v Bratislave. Fakulta riadenia | |